<?xml version="1.0" encoding="UTF-8"?>
<record
    xmlns:xsi="http://www.w3.org/2001/XMLSchema-instance"
    xsi:schemaLocation="http://www.loc.gov/MARC21/slim http://www.loc.gov/standards/marcxml/schema/MARC21slim.xsd"
    xmlns="http://www.loc.gov/MARC21/slim">

  <leader>00370    a2200109   4500</leader>
  <datafield tag="245" ind1=" " ind2=" ">
    <subfield code="a">Polish heritage of Joseph Conrad</subfield>
    <subfield code="h">print</subfield>
  </datafield>
  <datafield tag="650" ind1=" " ind2=" ">
    <subfield code="a">literature</subfield>
  </datafield>
  <controlfield tag="005">20191021095355.0</controlfield>
  <datafield tag="260" ind1=" " ind2=" ">
    <subfield code="a">nyu</subfield>
    <subfield code="b">Haskell House</subfield>
    <subfield code="c">1965</subfield>
  </datafield>
  <datafield tag="084" ind1=" " ind2=" ">
    <subfield code="a">PR6005.O4 Z78 1965</subfield>
  </datafield>
  <datafield tag="300" ind1=" " ind2=" ">
    <subfield code="a">248 p. illus., ports. 24 cm.</subfield>
    <subfield code="b">248 p. illus., ports. 24 cm.</subfield>
    <subfield code="c">248 p. illus., ports. 24 cm.</subfield>
  </datafield>
  <datafield tag="999" ind1=" " ind2=" ">
    <subfield code="c">12159</subfield>
    <subfield code="d">12159</subfield>
  </datafield>
</record>
